000 01249nam a22003497a 4500
003 CHAP
005 20220329135402.0
008 971013s1951 r 00010 d
010 _a35457
011 _a36429
035 _a40548
040 _cCHAP
082 _a632.7
_bP35
100 0 0 _aPainter, Reginald Henry.
_984759
245 _aInsect resistance in crop plants
260 _aNew York :
_bMacMillan,
_c1951
300 _a520 p.
_b: ilus.
500 _ac.3-4 reimpresión de 1968, idéntica
590 _aBATCH-UPD
_b10
_c20130109
_lUCH01
_h2341
590 _aBATCH-UPD
_b10
_c20130110
_lUCH01
_h1903
590 _aBATCH-UPD
_b10
_c20130409
_lUCH01
_h1910
590 _aBATCH-UPD
_b10
_c20130914
_lUCH01
_h1118
590 _aCONVERSION
_b10
_c20130109
_lUCH01
_h1320
650 1 4 _aCultivos
_xResistencia a plagas.
_930322
650 1 4 _aEntomología económica.
_937145
901 _aBK
942 _cLIBRO
949 _a632.7 P35
_bBC
_cLIBRO
_d-92618
_eLIBRO
_h23123
_i40548
_si
_t60.00
949 _a632.7 P35
_bBC
_cLIBRO
_d33724000179982
_eLIBRO
_fc.4
_h29746
_i40548
_si
_t60.00
949 _a632.7 P35
_bBC
_cLIBRO
_d33724000179990
_eLIBRO
_fc.3
_h13810
_i40548
_si
_t60.00
949 _a632.7 P35
_bBC
_cLIBRO
_d33724000180006
_eLIBRO
_fc.2
_h23124
_i40548
_si
_t60.00
999 _c35457
_d35457